Movies: Initials AB-ZB Quiz Stats

 Plays Quiz not verified by Sporcle

Challenge
Share
Tweet
Embed
Score 0/26 Timer 08:00
0 Plays Today
Hint Answer % Correct
Actress: She's played an elven ruler, a british ruler twice, KGB, Maid Marion, and Katherine Hepburn.Cate Blanchett
85.9%
Actor: He'll make you an offer you can't refuse.Marlon Brando
83.3%
Character: ''A boy's best friend is his mother.'Norman Bates
82.1%
Movie: 'Hello. My name is Inigo Montoya. You killed my father. Prepare to die.'The Princess Bride
82.1%
Character: Has been played by 6 different actors over 24 official films since 1962.James Bond
80.8%
Movie: Otherwise known as Aurora, the third Disney princess.Sleeping Beauty
80.8%
Movie: The first Rambo movie, without Rambo in the title.First Blood
79.5%
Actor: Starred in the best picture of 1943 with 'IB'Humphrey Bogart
78.2%
Actor: He's played an marksman elf and a blacksmith turned pirate.Orlando Bloom
75.6%
Actress: Starred in the best picture of 1943 with 'HB'Ingrid Bergman
74.4%
Movie: 1989 comedy where John Candy babysits his brother's children.Uncle Buck
74.4%
Actress: She may have been trying to seduce 'BB'Anne Bancroft
65.4%
Character: Played by Clark Gable from the 1939 best picture.Rhett Butler
64.1%
Hint Answer % Correct
Actor: Played the sultan, the King of Siam and Pharaoh RamesesYul Brynner
64.1%
Movie: 1999 football movie with Jon Voight, Paul Walker, and his replacement James Van Der Beek.Varsity Blues
61.5%
Actor: He played a famous robber, and a famous gangster. He also played a comic detective that could've brought them in.Warren Beatty
60.3%
Actress: She played the reporter that was attracted to Batman and Bruce Wayne in the original movie.Kim Basinger
59%
Actress: Married to 'HB' from 1945-1957, til death did they part.Lauren Bacall
55.1%
Character: 'When this baby hits 88 miles per hour, you're going to see some serious... #2'.Emmett Brown
53.8%
Character: 'Mrs. Robinson, are you trying to seduce me?'Benjamin Braddock
48.7%
Actor: 'A piece of the sky? Shaped like a stop sign? Not again!'Zach Braff
32.1%
Character: Jim Carrey's life is a TV show, whether he likes it or not.Truman Burbank
26.9%
Character: 'Are you the keymaster?' This character was possessed by Zuul, the gate keeper.Dana Barrett
25.6%
Actor: 'It's hardly important, but if it matters you may call me Mr. Joshua.'Gary Busey
23.1%
Actor: Played Agent Gibbs in Air Force One, who allowed the terrorists to take the plane.Xander Berkeley
21.8%
Movie: 1955 with Joan Crawford and Barry Sullivan.Queen Bee
11.5%

You're not logged in!

Compare scores with friends on all Sporcle quizzes.
Join for Free
OR
Log In

You Might Also Like...

Show Comments

Extras

Top Quizzes Today


Score Distribution

Your Account Isn't Verified!

In order to create a playlist on Sporcle, you need to verify the email address you used during registration. Go to your Sporcle Settings to finish the process.

Report this User

Report this user for behavior that violates our Community Guidelines.

Details: